000 00536nam a2200181 a 4500
001 000013436
005 20240406073830.0
008 091124s1985 dr 000 0 spa d
040 _aDO-SdBNP
_bspa
_cBNPHU
082 _a321.8
_bL748f
100 1 _aLindsay, A. D.
_930693
245 1 4 _aLos fundamentos de la democracia /
_cA. D. Lindsay.
260 _aSanto Domingo :
_bAlfa & Omega,
_c1985.
300 _a74 p. ;
_c18 cm.
590 _aInventariado, 2018/LP
650 0 _aDemocracia
_9286
910 _aValidado. Control de calidad MFF
999 _c13062
_d13062